Vandali poškodili zverinec koho mrzí, že park pri kaštieli Betliar je krásny?

Bibliographic Details
Main Author: Nagyová, Brigita (Author)
Format: Article
Language:Slovak
PhysicalDescription:Fotogr.
Subjects:

MARC

LEADER 00000nab a2200000 a 4500
001 vtls009493255
003 SK-MaSNL
005 20260305040944.0
008 090417c20090401xo mrzp 0 0slo
038 |a RVGKPD 
040 |a RVGKPD  |b slo  |c RVGKPD  |e AACR2 
041 |a slo 
044 |a xo  |c SK 
080 |a 712.26  |2 1997 
100 1 |a Nagyová, Brigita  |4 aut  |9 394211 
245 1 0 |a Vandali poškodili zverinec  |b koho mrzí, že park pri kaštieli Betliar je krásny?  |c Brigita Nagyová 
300 |b Fotogr. 
610 2 7 |a Múzeum Betliar  |2 rvgkpd  |9 35920 
650 0 7 |a historické parky  |2 rvgkpd  |9 2941 
650 0 7 |a zvernice  |2 rvgkpd  |9 58872 
650 0 7 |a vandalizmus  |2 rvgkpd  |9 396938 
651 7 |a Betliar (Slovensko)  |2 rvgkpd  |9 20285 
651 7 |a Rožňava (Slovensko : okres)  |2 rvgkpd  |9 19215 
773 0 |t Rožňavské listy = Rozsnyói Lapok  |g Roč. III, č. 3 (1.4.2009), s. 3 
852 |a RVGKPD  |b KIS3G 
992 |a RBX 
999 |c 3341216  |d 3343146